States by Nicknames - Statistics

General Stats
  • This quiz has been taken 37 times
  • The average score is 33 of 50
Answer Stats
Nickname State % Correct
The Empire State New York
100%
The Sunshine State Florida
93%
The Peach State Georgia
86%
The Aloha State Hawaii
86%
The Mount Rushmore State South Dakota
86%
The Lone Star State Texas
86%
The Grand Canyon State Arizona
83%
The Ocean State/Lil' Rhody Rhode Island
83%
The Golden State California
79%
The First State Delaware
76%
Bluegrass State Kentucky
76%
The Hoosier State Indiana
72%
The Cornhusker State Nebraska
72%
Tar Heel State North Carolina
72%
The Buckeye State Ohio
72%
The Volunteer State Tennessee
72%
Yellowhammer/Heart of Dixie Alabama
69%
The Last Frontier Alaska
69%
The Hawkeye State Iowa
69%
The Pelican State Louisiana
69%
The Garden State New Jersey
69%
Badger State Wisconsin
69%
The Wolverine State Michigan
66%
The Magnolia State Mississippi
66%
The Show-Me State Missouri
66%
Silver State Nevada
66%
Sooner State Oklahoma
66%
Beaver State Oregon
66%
Keystone State Pennsylvania
66%
The Green Mountain State Vermont
66%
The Constitution State Connecticut
62%
The Sunflower State Kansas
62%
North Star State Minnesota
62%
Old Dominion Virginia
59%
The Evergreen State Washington
59%
The Bay State Massachusetts
55%
The Granite State New Hampshire
55%
The Palmetto State South Carolina
55%
Beehive State Utah
55%
The Centennial State Colorado
52%
The Gem State Idaho
52%
The Old Line State Maryland
52%
The Mountain State West Virginia
52%
The Prairie State Illinois
48%
The Land of Enchantment New Mexico
48%
The Pine Tree State Maine
45%
The Equality State Wyoming
41%
The Natural State Arkansas
38%
The Peace Garden State North Dakota
38%
The Treasure State Montana
28%
No matching quizzes found
Score Distribution
Percent of People with Each Score
Percentile by Number Answered
Your Score History
You have not taken this quiz